Llei 9/2009, del 30 de juny, de política industrial
MARC
| LEADER | 00000nam a2200000Ia 4500 | ||
|---|---|---|---|
| 001 | 22401 | ||
| 008 | 160829s2010 xx 000 0 cat d | ||
| 080 | |a D-4-63 | ||
| 100 | |a Catalunya. Llei de política industrial |9 43384 | ||
| 245 | |a Llei 9/2009, del 30 de juny, de política industrial | ||
| 250 | |a Ed. no venal | ||
| 260 | |a Barcelona : |b Parlament de Catalunya, |c 2010 | ||
| 300 | |a 96 p. ; |c 17 cm | ||
| 490 | |a Textos legislatius ; 91 | ||
| 590 | |a Títol a la coberta: Llei de política industrial. | ||
| 590 | |a A la portada: Aprovada pel Ple del Parlament (tramitació núm. 200-00044/08) en la sessió núm. 58, del 17 de juny de 2009 (Diari de Sessions del Parlament de Catalunya, sèrie P, núm. 85/VIII); Publicada en el Butlletí Oficial del Parlament de Catalunya, núm. 498/VIII, del 29 de juny de 2009; Promulgada el 30 de juny de 2009 (Diari Oficial de la Generalitat de Catalunya, núm. 5417, del 9 de juliol de 2009). | ||
| 650 | |a Política industrial |x Dret i legislació |x Catalunya |9 43385 | ||
| 710 | 1 | |a Catalunya. |b Parlament |9 11492 | |
| 901 | |a Arxiu | ||
| 942 | |n 1 | ||
| 952 | |0 1 |1 0 |2 udc |4 0 |5 2 |6 D463 |7 1 |9 51403 |a Arxiu |b Arxiu |d 2016-12-01 |l 0 |o D-4-63 |p 22401 |r 2016-12-01 00:00:00 |w 2016-12-01 |y ARXIU | ||
| 999 | |c 55247 |d 55247 | ||